Marvel quiz level 1 - Statistics

General Stats
  • This quiz has been taken 987 times
  • The average score is 18 of 28
Answer Stats
Hint Answer % Correct
Tony Stark Iron Man
100%
Bruce Banner Hulk
99%
Natasha Romanoff Blackwidow
98%
Peter Parker Spiderman
98%
Steve Rogers Captain America
80%
Johnny Storm Human Torch
76%
Scott Summers Cyclops
73%
Reed Richards Mr Fantastic
71%
Matt Murdock Daredevil
69%
Susan Storm Invisible Woman
69%
Ben Grimm The Thing
69%
James Howlett Wolverine
69%
Wade Wilson Deadpool
68%
Victor von Doom Dr.Doom
66%
Ororo Munroe Storm
65%
Erik Lensherr Magneto
63%
Hank McCoy Beast
62%
Norman Osborn Green Goblin
61%
Bobby Drake Iceman
59%
Johnny Blaze Ghost Rider
57%
Kurt Wagner Nightcrawler
51%
Donald Blake Thor
51%
Frank Castle Punisher
43%
Norrin Radd Silver Surfer
39%
Curt Conners Lizard
38%
Emil Blonsky Abomination
25%
Cain Marko Juggernaut
24%
Maxwell Dillion Electro
21%
No matching quizzes found
Score Distribution
Percent of People with Each Score
Percentile by Number Answered
Your Score History
You have not taken this quiz